000 01801nam a2200277Ia 4500
000 03483naaa 00817uu
001 https://directory.doabooks.org/handle/20.500.12854/68961
005 20260218110026.0
008 211013s9999 xx 000 0 und d
020 _a9783039368341
024 _a10.3390/books978-3-03936-835-8
042 _adc
245 4 _aThe Contribution of Food Oral Processing
260 _aBasel, Switzerland
_bMDPI - Multidisciplinary Digital Publishing Institute
_c2020
300 _a1 electronic resource (110 p.)
520 _aWhen food is ingested, it remains in the mouth for a short period of time. Although this period is brief compared to the total food nutrient digestion and absorption time, it is crucially important, as it is the first step in digestion. It is also very important that, while the food is in the mouth, it is perceived by the senses and then a decision is made on swallowing. Oral sensory perception is an integrative response, which is generated in very short time (normally a few seconds) from complex information gathered from multiple sources during mastication and swallowing. Consequently, food oral processing studies include many orientations. This Special Issue brings together a small range of studies with a diversity of approaches that provide good examples of the complexity and multidisciplinarity of the subject.
540 _aCreative Commons
653 _alipoprotein matrix
700 1 _aFiszman, Susana
700 1 _aFiszman, Susana
700 1 _aTarrega, Amparo
700 1 _aTarrega, Amparo
856 _uhttps://docs.google.com/spreadsheets/d/1yKIrdCPDAG_9c22mwoOIO2DOhtj65Wqa/edit?usp=sharing&ouid=106555315294820607512&rtpof=true&sd=true
_yList of Curated E-Books
942 _cE-BOOK
999 _c53403
_d53403